000
00288nam a2200109Ia 4500
008
200302s9999 xx 000 0 und d
100
_a
John A. Loomis
245
_a
Revolution of Forms Cuba's Forgotten art Schools
260
_b
Princeto Architectural Press
260
_c
1999
300
_a
189
999
_c
3322
_d
3322